| 000 | 01361nam a2200313 a 4500 | ||
|---|---|---|---|
| 001 | BRCA_3189 | ||
| 005 | 20190320204144.0 | ||
| 008 | 160209s1687----enka---###---#000-0#eng-u | ||
| 041 | _aeng | ||
| 044 | _aenk | ||
| 084 |
_a490 _b.H63 _c1687 |
||
| 100 | 1 |
_aCervantes Saavedra, Miguel de _d1547-1616 _9213 |
|
| 245 | 1 | 0 |
_aThe History of the Most Renowned Don Quixote of Mancha and his Trusty Squire Sancho Pancha _cMiguel de Cervantes. |
| 260 |
_aLondres _bTho. Hodgkin _c1687 |
||
| 300 |
_a616 p. _bil. _c33 cm. |
||
| 500 | _aContenido : Primera parte. Prefacio del traductor. Casi todos los versos preliminares. Texto. Segunda parte. 6 poesías dedicadas a D. Q., Dulcinea y Sancho. Texto | ||
| 500 | _aEdición : Now Made English According to the Homour of our Modern Language, and Adorned With Several Copper Plates | ||
| 500 | _aEjemplar porcompleto igual al anterior. Semipiel Lúdovik Osterc | ||
| 500 | _aQM401 | ||
| 546 | _aTexto en : inglés | ||
| 650 | 1 | 4 |
_aNovela española _yÉpoca clásica, 1500-1700 _9215 |
| 650 | 1 | 4 |
_aLiteratura española _yÉpoca clásica, 1500-1700 _9216 |
| 650 | 1 | 4 |
_aNovela española _ySiglo XVII _9217 |
| 650 | 1 | 4 |
_aDon Quijote (Personaje ficticio) _eNovela _9218 |
| 700 | 1 |
_aPhillips, John _d1631-1706 _eTraductor _98561 |
|
| 740 | 0 | _aEl Ingenioso Hidalgo Don Quijote de la Mancha | |
| 902 | _aQFM | ||
| 942 |
_2lcc _cB |
||
| 999 |
_c2925 _d2925 |
||